Databases, information systems, and peer-to-peer computing : (رقم التسجيلة. 32011)

تفاصيل مارك
000 -الفاتح
حقل البيانات ثابتة الطول 01720cam a22003614a 4500
001 - رقم الضبط
رقم الضبط 13478246
003 - محدد رقم الضبط
رقم الضبط OSt
005 - وقت وتاريخ اخر تعامل مع التسجيلة
رقم الضبط 20150408114150.0
008 - عناصر البيانات ثابتة الطول - معلومات عامة
حقل البيانات ثابتة الطول 040203s2004 gw a b 101 0 eng
010 ## - رقم ضبط مكتبة الكونجرس
رقم ضبط مكتبة الكونجرس 2004042931
020 ## - الرقم الدولى المعيارى للكتب
الرقم الدولى المعيارى للكتاب 3540209689 (acidfree paper)
040 ## - مصدر الفهرسة
وكالة الفهرسة الأصلية DLC
وكالة النسخ DLC
وكالة التعديل DLC
042 ## - رمز التحقق
رمز التحقق pcc
050 00 - رقم طلب مكتبة الكونجرس
رقم التصنيف TK5105.525
رقم المادة .D35 2003
082 00 - رقم تصنيف ديوى العشرى
رقم التصنيف 004.65
رقم الطبعة 22
رقم المادة DBD
111 2# - المدخل الرئيسى - اسم مؤتمر
اسم المؤتمر أو اسم السلطة كمدخل DBISP2P 2003
تاريخ الاجتماع (2003 :
موقع المؤتمر Berlin, Germany)
9 (RLIN) 39654
245 10 - بيان العنوان
العنوان Databases, information systems, and peer-to-peer computing :
بقية العنوان first international workshop, DBISP2P 2003 : Berlin, Germany, September 7-8, 2003 : revised papers /
بيان المسئوليه,etc Karl Aberer, Manolis Koubarakis, Vana Kalogeraki (eds.).
260 ## - PUBLICATION, DISTRIBUTION, ETC. (IMPRINT)
مكان الناشر او الموزع Berlin ;
-- New York :
اسم الناشر او الموزع Springer,
تاريخ النشر أو التوزيع 2004.
300 ## - الوصف المادى
التعداد x, 247 p. :
تفاصيل ماديه اخرى للوعاء ill. ;
أبعاد الوعاء 24 cm.
440 #0 - بيان السلسلة/مدخل إضافى-العنوان
العنوان Lecture notes in computer science,
الرقم الدولى المعيارى للدوريات 0302-9743,
رقم المجلد/ التعيين التسلسلي 2944
9 (RLIN) 39655
504 ## - تبصرة ببليوجرافية
تبصرة ببليوجرافية,الخ Includes bibliographical references and index.
650 #0 - المدخل الاضافى بالموضوع-مصطلح موضوعى
مصطلح موضوعي أو اسم جغرافي كعنصر مدخل Peer-to-peer architecture (Computer networks)
التقسيم الفرعي الشكلي Congresses.
9 (RLIN) 39656
650 #0 - المدخل الاضافى بالموضوع-مصطلح موضوعى
مصطلح موضوعي أو اسم جغرافي كعنصر مدخل Database management
التقسيم الفرعي الشكلي Congresses.
9 (RLIN) 3469
650 #0 - المدخل الاضافى بالموضوع-مصطلح موضوعى
مصطلح موضوعي أو اسم جغرافي كعنصر مدخل Management information systems
التقسيم الفرعي الشكلي Congresses.
9 (RLIN) 39657
700 1# - المدخل الاضافى - اسم شخصى
الإسم الشخصى Aberer, Karl.
9 (RLIN) 39658
700 1# - المدخل الاضافى - اسم شخصى
الإسم الشخصى Koubarakis, Manolis.
9 (RLIN) 39659
700 1# - المدخل الاضافى - اسم شخصى
الإسم الشخصى Kalogeraki, Vana,
التواريخ المصاحبة للاسم 1973-
9 (RLIN) 39660
711 2# - المدخل الاضافى -عنوان مؤتمر
اسم المؤتمر أو اسم السلطة كمدخل International Conference on Very Large Data Bases
رقم جزء/قسم/الاجتماع (29th :
تاريخ الاجتماع 2003 :
موقع المؤتمر Berlin, Germany)
9 (RLIN) 39661
856 42 - الوصول و الموقع الالكترونى
مواد محددة Publisher description
معرف المصدر الموحد <a href="http://www.loc.gov/catdir/enhancements/fy0818/2004042931-d.html">http://www.loc.gov/catdir/enhancements/fy0818/2004042931-d.html</a>
906 ## - عنصر بيانات محلى F, LDF (RLIN)
a 7
b cbc
c orignew
d 1
e ocip
f 20
g y-gencatlg
942 ## - عناصر المدخل الإضافي( كوها)
مصدر التصنيف او مخطط الترفيف Dewey Decimal Classification
Koha [default] item type كتاب
المقتنيات
حالة الفقد نموذج السعر الفعال حالة تلف ليس للاعارة رقم الطلب تاريخ الاكتساب الموقع الحالي الباركود الفرع الرئيسي Date last seen نوع المادة فى نظام كوها مصدر التصنيف او خطة الترفيف Total Checkouts
  2013-11-13     004.65 DBD 2013-11-13 المكتبة المركزية بالمجمعة (CL) 00452149 المكتبة المركزية بالمجمعة (CL) 2013-11-13 كتاب Dewey Decimal Classification  
  2013-11-13     004.65 DBD 2013-11-13 المكتبة المركزية بالمجمعة (CL) 00452150 المكتبة المركزية بالمجمعة (CL) 2013-11-13 كتاب Dewey Decimal Classification  
  2013-11-13     004.65 DBD 2013-11-13 المكتبة المركزية بالمجمعة (CL) 00452151 المكتبة المركزية بالمجمعة (CL) 2013-11-13 كتاب Dewey Decimal Classification  
  2013-11-13     004.65 DBD 2013-11-13 مكتبة مجمع الكليات بالزلفى - طلاب (SZM) 00452152 مكتبة مجمع الكليات بالزلفى - طلاب (SZM) 2013-11-13 كتاب Dewey Decimal Classification  
  2013-11-13     004.65 DBD 2013-11-13 مكتبة مجمع الكليات بالزلفى - طلاب (SZM) 00452153 مكتبة مجمع الكليات بالزلفى - طلاب (SZM) 2013-11-13 كتاب Dewey Decimal Classification  
  2013-11-13     004.65 DBD 2013-11-13 مكتبة مجمع الكليات بالزلفى - طلاب (SZM) 00452154 مكتبة مجمع الكليات بالزلفى - طلاب (SZM) 2013-11-13 كتاب Dewey Decimal Classification